000 00631nam a2200241Ia 4500
003 OSt
005 20220930192939.0
006 a|||||r|||| 00| 0
007 ta
008 urd
024 _a10860
037 _cDissertations
040 _aCRL
_cCRL
_burd
041 _2urd
_aurd
100 _aSafia Kausar
_9561784
110 _aUniversity of Delhi. Faculty of Arts. Department of Urdu
245 0 _aMeer ki shairi nishatiya anasir
260 _c1981
650 _aURDU LANGUAGE
700 _aUniversity of Delhi. Faculty of Arts. Department of Urdu
942 _cDIS
_2CC
999 _c895851
_d895851